| 000 | 00691nam a2200193Ii 4500 | ||
|---|---|---|---|
| 003 | JO-AjNU | ||
| 008 | 230605s9999||||xx |||||||||||||| ||und|| | ||
| 040 |
_aJO-AjNU _bara _erda _cJO-AjNU |
||
| 041 | _aara | ||
| 050 | 1 | 4 | _aPJ7826.A6.A16 1976 |
| 100 | 3 |
_aتأليف بن حميدة،سالم تحقيق وتقديم محمد الحبيب عباس, _eauthor _914173 |
|
| 245 | 0 | 0 | _aالزهريات |
| 264 | 3 | 1 | _aتونس:الشركة التونسية للتوزيع،1976 |
| 300 | _a288ص | ||
| 336 |
_atext _btxt _2rdacontent |
||
| 337 |
_aunmediated _bn _2rdamedia |
||
| 338 |
_avolume _bnc _2rdacarrier |
||
| 650 | 4 |
_a الشعر العربي - تونس - القرن العشرين _914174 |
|
| 999 |
_aA3717 _c7285 _d7285 |
||